Edició del Cercle de Comparació Intermunicipal d'OMICs : resultats any 2009 : versió de lliure difusió resultats any 2009 :
Publicado:
Barcelona :
Diputació de Barcelona. Àrea de Salut Pública i Consum. Servei de Suport a les Polítiques de Consum : Diputació de Barcelona. Àrea d'Hisenda i Recursos Interns. Servei de Governació ,
2010
Descripción Física:
95 p. : il. col. , gràfics, quadres, taules ; 29 cm
MARC
| LEADER | 00000nam a2200000Ia 4500 | ||
|---|---|---|---|
| 001 | 23787 | ||
| 003 | BGR | ||
| 005 | 20260324180601.0 | ||
| 008 | 160829s2010 xx 000 0 cat d | ||
| 080 | |a Bib-38 | ||
| 245 | |a Edició del Cercle de Comparació Intermunicipal d'OMICs : |b resultats any 2009 : |b versió de lliure difusió | ||
| 250 | |a 2a ed. | ||
| 260 | |a Barcelona : |b Diputació de Barcelona. Àrea de Salut Pública i Consum. Servei de Suport a les Polítiques de Consum : |b Diputació de Barcelona. Àrea d'Hisenda i Recursos Interns. Servei de Governació, |c 2010 | ||
| 300 | |a 95 p. : |b il. col. , gràfics, quadres, taules ; |c 29 cm | ||
| 650 | |a Serveis d'informació local |x Barcelona (Província) |x Estadístiques |9 49241 | ||
| 710 | 1 | |a Barcelona (Catalunya : Província). |b Servei de Suport a les Polítiques de Consum |9 52739 | |
| 710 | 1 | |a Barcelona (Catalunya : Província). |b Diputació |b Servei de Governació |9 52408 | |
| 901 | |a Arxiu | ||
| 942 | |n 1 |2 udc |c MON | ||
| 952 | |0 0 |1 0 |4 0 |6 BIB38 |7 1 |9 55222 |a Arxiu |b Arxiu |d 2016-12-01 |l 0 |o Bib-38 |p 23787 |r 2016-12-01 00:00:00 |w 2016-12-01 |y ARXIU | ||
| 999 | |c 59094 |d 59094 | ||